Normal view MARC view

Entry Meeting Name

Number of records used in: 1

001 - CONTROL NUMBER

  • control field: 15907

003 - CONTROL NUMBER IDENTIFIER

  • control field: OSt

005 - DATE AND TIME OF LATEST TRANSACTION

  • control field: 20211105134000.0

008 - FIXED-LENGTH DATA ELEMENTS

  • fixed length control field: 211105|| aca||aabn | a|a d

040 ## - CATALOGING SOURCE

  • Original cataloging agency: OSt
  • Transcribing agency: OSt

111 ## - HEADING--MEETING NAME

  • Meeting name or jurisdiction name as entry element: Workshop on Double Layers in Astrophysics
  • Location of meeting: Maryland, USA
  • Date of meeting or treaty signing: 1985 Sep. 30- Oct. 4

670 ## - SOURCE DATA FOUND

  • Source citation: Work cat.: (OSt): Williams Alton, C. 15906, Double layers in astrophysics, 1987

Powered by Koha